Statistiques concernant Les Martin célèbres par images

Cliquez ici pour prendre le quiz!

Statistiques générales

  • Ce quiz a été pris 68 fois
  • Le résultat moyen est 5 sur 16

Statistiques - réponses

Réponse% Correct
Martin Luther
100%
Martin Luther King
98%
Martin Fourcade
75%
Martin Ødegaard
47%
Martin Scorsese
44%
Martin Sheen
41%
Martin Solveig
41%
Martin Hirsch
20%
Martin Landau
14%
Saint Martin de Tours
14%
Martin Schulz
9%
Martin Bouygues
6%
Martin Blachier
5%
Martin Heidegger
5%
Martin Shkreli
5%
Martin Buber
0%

Distribution des résultats

Percentile par nombre de réponses

% des personnes avec chaque résultat

Votre développement - résultats

Vous n’avez pas pris ce quiz